Дело с расписанием сумм на работы 1865 года по Саратовской губернии

Доступно только в Электронных читальных залах Найти на картеНа карте
RUSMARC
00003795nmc2a22000003x 450
001ee0878b0-b380-4889-ad65-77ef111b8f62
00520200302192147.0
100##$a20180903l18641865k l0rusy0189 ca
1010#$arus
102##$aRU
2001#$aДело с расписанием сумм на работы 1865 года по Саратовской губернии
$j15 сентября 1864 г. - 5 июня 1865 г.
251##$cДело
300##$aНа бланке обложки указано: "Дело Департамента искусственных дел Главного управления путей сообщения и публичных зданий"
801#0$aRU
$bРГИА
$c20180903
$gRCR
801#1$aRU
$bГлавНИВЦ
$c20180903
$2rusmarc
801#2$aRU
$bПБ им. Б.Н. Ельцина
$c20200302
$gRCR
$2rusmarc
850##$aРГИА
852##$aРГИА
$eФедеральное казенное учреждение "Российский государственный исторический архив" (РГИА)
$j389
937##$hРГИА
$d12287895
$aASBIBLIO_SCAN
462#0$1001921ec746-9587-48a9-b6c2-ef8589ca621c
$12001
$aДела Департамента полиции исполнительной МВД за 1864 год
$1251
$cОпись
$1852
$j25
$l1864 г.
461#0$10013e300ed0-cd39-49af-8489-5ba5b90fa401
$12001
$aДепартамент полиции исполнительной МВД
$1251
$cФонд
$1852
$j1286
215##$a33 л.
$d36,5х26 см
371##$aДокумент не является опубликованным и широко распространяемым
105##$ay###
1222#$ad
035##$aee0878b0-b380-4889-ad65-77ef111b8f62
856##$uhttp://readingroom.main.prlib.ru/item.aspx?id_node=n142333080&mode=full
Формат отображения